000 01005cam a22002294a 4500
020 _a9747946688
040 _cDLC
082 _a554 FAO 2005 C101 Or.
245 0 0 _aIn search of excellence :
_bexemplary forest management in Asia and the Pacific /
260 _aBangkok :
_bFood and Agriculture Organization of the United Nations, Regional Office for Asia and the Pacific :
_bRegional Community Forestry Training Center for Asia and the Pacific,
_c2005.
300 _ax, 404 p. :
_bcol. ill., maps ;
_c27 cm.
490 0 _aRAP publication ;
500 _aAt head of title: Asia-Pacific Forestry Commission.
520 _aContributed articles.
650 0 _aForest management
700 1 _aDurst, Patrick B.
710 2 _aFAO Regional Office for Asia and the Pacific.
710 2 _aRegional Community Forestry Training Center for Asia-Pacific (Bangkok, Thailand)
710 2 _aAsia-Pacific Forestry Commission.
856 4 1 _uhttp://www.loc.gov/catdir/toc/fy0713/2006454408.html
942 _cAEDBB
999 _c20828
_d20828